000 00707nam a2200289Ia 4500
005 20260324143814.0
008 008 260324s9999 xx 000 0 eng d
020 _a9781315107370
037 _aEBOOK
040 _aCRL
040 _beng
040 _cCRL
041 _2eng
041 _aeng
084 _qCRL
100 _aMildred C. Robeck; Randall R. Wallace
_91216988
245 4 _aThe Psychology of Reading
245 3 _bAn Interdisciplinary Approach (2nd Edn)
260 _bTaylor and Francis
260 _c1990
365 _a
365 _b230
856 _uhttp://www.taylorfrancis.com/books/9781315107370
942 _cEBOOK
999 _c1822823
_d1822823